[Event "Passau op 6th"]
[Site "Passau"]
[Date "1998.04.10"]
[Round "5"]
[White "Euler, Gerd"]
[Black "Schmidt, Martin"]
[Result "1-0"]
[WhiteElo "2380"]
[BlackElo "2190"]

1. e4 c5 2. Nf3 e6 3. d4 cxd4 4. Nxd4 Bc5 5. Nb3 Bb6 6. Bd3 Ne7 7. O-O O-O
8. c4 d6 9. Nc3 a6 10. Kh1 Nbc6 11. Bg5 f6 12. Bh4 e5 13. Bg3 Be6 14. Nd5
Bxd5 15. exd5 Nd4 16. Nxd4 Bxd4 17. Rb1 f5 18. f4 Qb6 19. fxe5 dxe5 20. b4
f4 21. Bh4 Nf5 22. Bxf5 Rxf5 23. Qg4 Rf7 24. c5 Qb5 25. d6 a5 26. a3 axb4
27. axb4 Re8 28. Be7 Rfxe7 29. dxe7 Rxe7 30. Qf5 Qc6 31. b5 Qxc5 32. Rfc1
g6 33. Qf6 Rf7 34. Qd8+ Qf8 35. Qd5 b6 36. Rc7 Kg7 37. Rbc1 Rxc7 38. Rxc7+
Kh6 39. Qb7 Qg8 40. Rf7 e4 41. Qe7 Bf2 42. g3 g5 43. Qe6+ Kh5 44. Qh3+ Kg6
45. Qf5+ Kh6 46. Rf6+ Kg7 47. Qxg5+ Kh8 48. Qf5 1-0

[Event "ARG-ch"]
[Site "Buenos Aires"]
[Date "1998.04.15"]
[Round "4"]
[White "Zarnicki, Pablo"]
[Black "Dolezal, Cristian"]
[Result "1-0"]
[WhiteElo "2515"]
[BlackElo "2300"]

1. e4 c5 2. Nf3 e6 3. d4 cxd4 4. Nxd4 Bc5 5. Nb3 Bb6 6. Nc3 Ne7 7. Bf4 O-O
8. Bc4 Nbc6 9. O-O a6 10. a4 Bc7 11. Bd6 Ne5 12. Be2 f5 13. Bxc7 Qxc7 14.
f4 Nf7 15. exf5 Nxf5 16. Bd3 N7d6 17. Qf3 b6 18. a5 Bb7 19. axb6 Qxb6+ 20.
Qf2 Qd8 21. Na5 Bc8 22. g4 Nh6 23. Be2 Rb8 24. Rfd1 Qc7 25. Nb3 Nb5 26.
Nxb5 axb5 27. Qc5 Qb7 28. Rd4 Ra8 29. Rf1 Ra2 30. f5 exf5 31. Bf3 Qa7 32.
Bd5+ Nf7 33. Bxf7+ Rxf7 34. Qxc8+ Rf8 35. Qxd7 Qxd7 36. Rxd7 Rxb2 37. Nd4
fxg4 38. Ra1 Kh8 39. Raa7 Rg8 40. Kg2 h5 41. Rd5 g6 42. Rdd7 1-0

[Event "Chalkida op 3rd"]
[Site "Chalkida"]
[Date "1998.08.02"]
[Round "5"]
[White "Makropoulou, Marina"]
[Black "Ivanisevic, Ivan"]
[Result "0-1"]
[WhiteElo "2220"]
[BlackElo "2475"]

1. e4 c5 2. Nf3 e6 3. d4 cxd4 4. Nxd4 Bc5 5. Nb3 Bb6 6. Nc3 Ne7 7. Qh5 O-O
8. Bg5 f6 9. Bh4 Nbc6 10. O-O-O a6 11. Kb1 Ba7 12. f4 Qe8 13. Qf3 b5 14.
Bf2 Qd8 15. Be2 Qc7 16. Bxa7 Rxa7 17. Qe3 Rb7 18. Rhf1 Na5 19. Nxa5 Qxa5
20. Qc5 Ng6 21. a3 Qc7 22. Qxc7 Rxc7 23. g3 Bb7 24. Rd6 Ne7 25. Rfd1 Bc6
26. R6d4 Rb8 27. e5 fxe5 28. fxe5 Ng6 29. Ne4 Nxe5 30. Ng5 Rf8 31. Rf4 h6
32. Nh3 g5 33. Rfd4 Bg2 34. Ng1 Rf2 35. R4d2 Be4 36. Bd3 Rxd2 37. Rxd2 Bxd3
38. cxd3 Rc8 39. d4 Nc4 40. Rf2 Ne3 41. Re2 Nf5 42. d5 exd5 43. Re5 Rf8 44.
Ne2 Nd6 45. Rxd5 Nc4 46. Rxd7 Rf2 47. Nc3 Rxb2+ 48. Kc1 Rxh2 49. Ne4 Kf8
50. Ra7 a5 51. Nf6 a4 52. Nh7+ Ke8 53. Nf6+ Kd8 54. Rd7+ Kc8 55. Rd3 Ra2
56. Ng8 Rxa3 57. Rxa3 Nxa3 58. Nxh6 Nc4 59. Nf7 g4 60. Nh6 Ne5 61. Kc2 b4
0-1

[Event "Elista ol (Men)"]
[Site "Elista"]
[Date "1998.09.29"]
[Round "8"]
[White "Van den Doel, Erik"]
[Black "Nazarov, Anvar"]
[Result "1-0"]
[WhiteElo "2480"]
[BlackElo "2285"]

1. e4 c5 2. Nf3 e6 3. d4 cxd4 4. Nxd4 Bc5 5. Nb3 Bb6 6. Bd3 Ne7 7. O-O O-O
8. Kh1 f5 9. exf5 Nxf5 10. c4 Qh4 11. N1d2 Bc7 12. Nf3 Qf6 13. Bxf5 Qxf5
14. Nbd4 Qh5 15. Nb5 Na6 16. Nxc7 Nxc7 17. b3 b6 18. Ba3 Bb7 19. Bxf8 Rxf8
20. Qxd7 Bxf3 21. Qxc7 Bxg2+ 22. Kxg2 Qf3+ 23. Kg1 Rf6 24. Qb8+ Kf7 25.
Qxa7+ Ke8 26. Qb8+ Ke7 27. Qc7+ Ke8 28. Rae1 Rg6+ 29. Qg3 Ke7 30. Re3 Rxg3+
31. hxg3 Qa8 32. a4 Kf6 33. Rfe1 Qd8 34. Rxe6+ Kf5 35. f3 Qd4+ 36. Kh1 Qc3
37. R1e5+ Qxe5 38. Rxe5+ Kxe5 39. Kg2 Kd4 40. f4 Kc5 41. g4 Kb4 42. f5 h6
43. Kf3 Kxb3 44. Ke4 Kxa4 45. Kd5 Kb4 46. Kd4 Kb3 47. c5 bxc5+ 48. Kxc5 Kc3
49. Kd5 Kd3 50. Ke6 Ke4 51. Kf7 Kf4 52. Kxg7 Kxg4 53. f6 1-0

[Event "Sonnevanck 7th"]
[Site "Wijk aan Zee"]
[Date "1998.12.??"]
[Round "4"]
[White "Wortel, Marten"]
[Black "Van Haastert, Edwin"]
[Result "1/2-1/2"]
[WhiteElo "2285"]
[BlackElo "2345"]

1. e4 c5 2. Nf3 e6 3. d4 cxd4 4. Nxd4 Bc5 5. Nb3 Bb6 6. Bd3 Ne7 7. O-O O-O
8. c4 f5 9. Nc3 Nbc6 10. c5 Bc7 11. f4 fxe4 12. Nxe4 Nf5 13. Qh5 Qh4 14.
Qxh4 Nxh4 15. g3 Nf5 16. g4 Nfe7 17. Nd6 b6 18. Kg2 a5 19. Nb5 Bd8 20. a4
bxc5 21. Nxc5 Bb6 22. Ne4 Nb4 23. Be2 Ned5 24. Kg3 Ba6 25. Ned6 Bc5 26. Ne4
Ba7 27. Nbc3 Bxe2 28. Nxe2 Rac8 29. N4c3 Bb8 30. Bd2 g5 31. Nxd5 Nxd5 32.
Bxa5 gxf4+ 33. Kf3 Ne3 34. Rfc1 e5 35. Bb4 Rxc1 36. Rxc1 Re8 37. h3 e4+ 38.
Kf2 Nd5 39. Bc5 f3 40. Rd1 Re5 41. Ng1 Nf4 42. Be3 Nd3+ 43. Rxd3 exd3 44.
Nxf3 Re4 45. b3 Bg3+ 46. Kxg3 Rxe3 47. Kf2 Re2+ 48. Kf1 Rb2 49. Ke1 Rxb3
50. Kd2 d6 51. Nd4 Ra3 52. Nf5 Rxa4 53. Nxd6 Rd4 54. Nf5 Rd8 55. Ne7+ Kg7
56. Nc6 Rd6 57. Ne5 Kf6 58. Nxd3 Kg5 59. Ke3 Ra6 60. Ke4 Ra3 61. Nf2 Rb3
62. Ke5 Rb7 63. Ne4+ Kh4 64. g5 Kxh3 65. Nf6 Kh4 66. Kf5 Rf7 67. g6 hxg6+
68. Kxg6 Ra7 69. Kf5 Ra5+ 70. Kf4 Ra1 71. Ne4 Rf1+ 72. Ke5 Kg4 73. Nf6+ Kg5
74. Ne4+ Kg6 75. Ng3 Rf3 76. Ne4 Rf5+ 77. Kd4 Ra5 78. Nd6 Kf6 79. Nc4 Rh5
80. Nd6 Ke6 81. Nc4 Rd5+ 82. Ke4 Rb5 83. Kd4 Rh5 84. Ne3 Rh3 85. Nc4 Rh4+
86. Kd3 Kd5 87. Ne3+ Kc5 88. Nf5 Rf4 89. Ne3 Rd4+ 90. Kc3 Rd8 91. Nc2 Kd5
92. Kd3 Rc8 93. Ne3+ Ke5 94. Nc4+ Rxc4 1/2-1/2

[Event "IECC KO"]
[Site "IECC email"]
[Date "1999.??.??"]
[Round "?"]
[White "Ratering, Wim"]
[Black "Degiorgis, Giorgio"]
[Result "1/2-1/2"]
[WhiteElo "2216"]
[BlackElo "2117"]

1. e4 c5 2. Nf3 e6 3. d4 cxd4 4. Nxd4 Bc5 5. Nb3 Bb6 6. Nc3 Ne7 7. Qh5 O-O
8. Bg5 h6 9. Bf4 d5 10. Rd1 Nd7 11. Bg3 Nf6 12. Qf3 Ba5 13. Nxa5 Qxa5 14.
Bd6 dxe4 15. Qe2 Nfd5 16. Qd2 Qd8 17. Ba3 f5 18. Bc4 Re8 19. Nxd5 exd5 20.
Bxe7 Qxe7 21. Qxd5+ Be6 22. Qxe6+ Qxe6 23. Bxe6+ Rxe6 24. Rd7 Rc8 25. Kd2
Rec6 26. c3 R8c7 27. Rd5 Rf7 28. Re1 Kh7 29. a4 g5 30. Ke3 Kg6 31. f4 Rc4
32. a5 Rf6 33. Rd7 Rc5 34. Rxb7 Rxa5 35. Rd1 Re6 36. g3 Raa6 37. Rdd7 Rab6
38. fxg5 hxg5 39. Rg7+ Kh5 40. Rh7+ Rh6 41. Rxh6+ Rxh6 42. Rxa7 Kg4 43. h4
Kxg3 44. hxg5 Rd6 45. g6 Rd3+ 46. Ke2 f4 47. g7 f3+ 48. Ke1 Rd8 49. Ra6 e3
50. Rd6 Ra8 51. Ra6 Rd8 1/2-1/2

[Event "IECC Swiss"]
[Site "IECC email"]
[Date "1999.??.??"]
[Round "?"]
[White "Noy, Ilan"]
[Black "Degiorgis, Giorgio"]
[Result "1/2-1/2"]
[WhiteElo "1935"]
[BlackElo "2120"]

1. e4 c5 2. Nf3 e6 3. d4 cxd4 4. Nxd4 Bc5 5. Nb3 Bb6 6. Nc3 Ne7 7. Bf4 d5
8. exd5 exd5 9. Bd3 Nbc6 10. O-O O-O 11. Qh5 f5 12. Rfe1 Ng6 13. Bg5 Qd6
14. Rad1 Nce5 15. Be2 Be6 16. Bf3 Nxf3+ 17. Qxf3 Rfe8 18. Be3 Bxe3 19. Rxe3
f4 20. Ree1 Bf7 1/2-1/2

[Event "St Lorrain Masters-A"]
[Site "St Lorrain"]
[Date "1999.??.??"]
[Round "6"]
[White "Lanzani, Mario"]
[Black "Amoyal, Pierre"]
[Result "1-0"]
[WhiteElo "2400"]
[BlackElo "2190"]

1. e4 c5 2. Nf3 e6 3. d4 cxd4 4. Nxd4 Bc5 5. Nc3 Ne7 6. Be3 O-O 7. Nxe6
fxe6 8. Bxc5 Nbc6 9. Be2 Qa5 10. Qd6 b6 11. Be3 Qb4 12. Qxb4 Nxb4 13. O-O-O
Nbc6 14. Nb5 Ng6 15. g3 Na5 16. Nd6 1-0

[Event "HUN-chT3 Hungary"]
[Site "?"]
[Date "1999.??.??"]
[Round "?"]
[White "Hajnal, Zoltan"]
[Black "Racz, Zoltan"]
[Result "0-1"]
[WhiteElo "2285"]
[BlackElo "2280"]

1. e4 c5 2. Nf3 e6 3. d4 cxd4 4. Nxd4 Bc5 5. Nb3 Bb6 6. Bd3 Ne7 7. Bg5 f6
8. Bh4 O-O 9. O-O Nbc6 10. Nc3 Qe8 11. Qe2 f5 12. exf5 Nxf5 13. Bxf5 Rxf5
14. Bg3 d5 15. Rad1 Bd7 16. Nb5 Qh5 17. Rfe1 Raf8 18. Qxh5 Rxh5 19. Nd6 Rg5
20. Rd2 e5 21. Nxb7 e4 22. Nd6 Nb4 23. a3 Nxc2 24. Rxc2 Ba4 25. Rc3 Rxg3
26. hxg3 Bxf2+ 27. Kf1 Bxg3+ 28. Ke2 Bxd6 29. Ke3 Be5 30. Nd4 Bd7 31. Ne2
Bg4 32. Rc5 Rd8 33. Nd4 g5 34. Nc6 Bf4+ 35. Kf2 Rf8 36. Kg1 Bd2 37. Ne7+
Kg7 38. Nxd5 Bxe1 39. Rc7+ Rf7 40. Rc4 Be6 41. Rxe4 Bxd5 42. Rxe1 g4 43.
Re5 Bc6 44. Rg5+ Kf6 45. Rxg4 Ke5 46. Rg5+ Kd4 47. Rg4+ Be4 48. b4 Rf6 49.
Rg7 Ra6 50. Kf2 Rxa3 51. g4 a6 52. Ra7 Kc4 53. Rf7 Rf3+ 54. Rxf3 Bxf3 55.
Kxf3 Kxb4 56. Kf4 a5 57. Kg5 a4 58. Kh6 a3 59. Kxh7 a2 60. g5 a1=Q 61. g6
Qh1+ 62. Kg8 Kc5 63. g7 Kd6 64. Kf8 Qh6 0-1

[Event "Baden-ch U18"]
[Site "Schoeneck"]
[Date "1999.??.??"]
[Round "2"]
[White "Gamer, Torsten"]
[Black "Huber, Philipp"]
[Result "0-1"]
[WhiteElo "2201"]
[BlackElo "2220"]

1. e4 c5 2. Nf3 e6 3. d4 cxd4 4. Nxd4 Bc5 5. Nb3 Bb6 6. Nc3 Ne7 7. Bf4 O-O
8. Qd2 d5 9. exd5 Nxd5 10. Nxd5 exd5 11. O-O-O Nc6 12. Bd3 a5 13. c3 a4 14.
Nd4 Bxd4 15. cxd4 Nxd4 16. Bxh7+ Kxh7 17. Qxd4 Bf5 18. Rd2 Re8 19. Kd1 Re4
20. Qxd5 Bg4+ 21. f3 Bxf3+ 22. gxf3 Qxd5 23. Rxd5 Rxf4 24. Rd7 Rxf3 25.
Rxb7 Rf2 26. Rg1 Ra5 27. a3 Rh5 28. Kc1 Rhxh2 29. Kb1 Kh6 30. Ka1 g5 31.
Rb4 f5 32. Rb1 g4 33. Rxa4 g3 34. Ra6+ Kg5 35. Ra8 Kf4 0-1

[Event "GER-ch U14"]
[Site "Oberhof"]
[Date "1999.??.??"]
[Round "?"]
[White "Balcerak, Philipp"]
[Black "Rau, Hannes"]
[Result "0-1"]
[WhiteElo "2035"]
[BlackElo "2190"]

1. e4 c5 2. Nf3 e6 3. d4 cxd4 4. Nxd4 Bc5 5. Nb3 Bb6 6. e5 Nc6 7. f4 Nge7
8. Nc3 Nf5 9. Ne4 Nxe5 10. g3 Nc6 11. c4 d5 12. Ng5 h6 13. Nf3 O-O 14. c5
Bxc5 0-1

[Event "Novgorod op"]
[Site "Novgorod"]
[Date "1999.03.19"]
[Round "3"]
[White "Voitsekhovsky, Stanislav"]
[Black "Nadanian, Ashot"]
[Result "1-0"]
[WhiteElo "2558"]
[BlackElo "2413"]

1. e4 c5 2. Nf3 e6 3. d4 cxd4 4. Nxd4 Bc5 5. Nb3 Bb6 6. Nc3 Ne7 7. Bc4 O-O
8. Bf4 f5 9. Bd6 fxe4 10. Nxe4 Nf5 11. O-O Nxd6 12. Nxd6 Nc6 13. Nd2 Bc7
14. N6e4 Rf4 15. Qh5 g6 16. Qc5 Bb6 17. Qa3 Rxe4 18. Nxe4 d5 19. Rad1 Qe7
20. Qxe7 Nxe7 21. Nf6+ Kf7 22. Nxh7 dxc4 23. Ng5+ Kf6 24. Ne4+ Kg7 25. Nd6
Nd5 26. Nxc4 Bc5 27. Ne5 b5 28. Rfe1 a5 29. Rd3 Ra7 30. h4 Ne7 31. Re4 Rc7
32. Rg4 Kf6 33. Nxg6 Nf5 34. Nf4 Bd6 35. c3 Kf7 36. Nh5 Be5 37. Re4 Rc5 38.
g3 Bc7 39. Nf4 Rc4 40. Rxc4 bxc4 41. Rd1 Bxf4 42. Rd8 Ba6 43. Ra8 Bb5 44.
Rxa5 Bc6 45. gxf4 Nxh4 46. Kf1 Bd5 47. Rb5 Kf6 48. a4 Nf5 49. a5 Ne7 50. a6
Nc8 51. Ke2 Na7 52. Rc5 Nc6 53. Ke3 Kf5 54. Rb5 Na7 55. Rb8 Kf6 56. Rh8 Nb5
57. Rh7 Kg6 58. Rb7 Nd6 59. Rb8 1-0

[Event "Bled op 20th"]
[Site "Bled"]
[Date "1999.03.20"]
[Round "3"]
[White "Drei, Andrea"]
[Black "Sale, Srdjan"]
[Result "1/2-1/2"]
[WhiteElo "2349"]
[BlackElo "2415"]

1. e4 c5 2. Nf3 e6 3. d4 cxd4 4. Nxd4 Bc5 5. Be3 Qb6 6. Na3 d5 7. exd5 exd5
8. Bb5+ Bd7 9. Qe2 Ne7 10. O-O-O O-O 11. Rhe1 a6 12. Bxd7 Nxd7 13. Nb3
Bxe3+ 14. Qxe3 Qxe3+ 15. Rxe3 Nf5 16. Rf3 Ne7 17. Re3 Nf5 18. Rf3 Ne7
1/2-1/2

[Event "Bratislava Slovan op"]
[Site "Bratislava"]
[Date "1999.04.??"]
[Round "4"]
[White "Hagarova, Zuzana"]
[Black "Todor, Razvan"]
[Result "1-0"]
[WhiteElo "2295"]
[BlackElo "2185"]

1. e4 c5 2. Nf3 e6 3. d4 cxd4 4. Nxd4 Bc5 5. Nb3 Bb6 6. Nc3 Ne7 7. Bd3 O-O
8. O-O Nbc6 9. Bg5 f6 10. Bf4 d5 11. exd5 exd5 12. Qe2 Nb4 13. Rfe1 Nxd3
14. Qxd3 Bf5 15. Qd2 Re8 16. Nb5 Qd7 17. Nd6 Red8 18. Rxe7 Qxe7 19. Nxf5
Qe4 20. Nd6 Qe7 21. Re1 Qd7 22. Qxd5+ Kf8 23. c4 g5 24. Bg3 h5 25. h4 gxh4
26. Bf4 Kg7 27. Qxh5 Rh8 28. Nf5+ 1-0

[Event "YUG-chT"]
[Site "Vrnjacka Banja"]
[Date "1999.08.??"]
[Round "7"]
[White "Matulovic, Milan"]
[Black "Sahovic, Dragutin"]
[Result "1/2-1/2"]
[WhiteElo "2418"]
[BlackElo "2362"]

1. e4 c5 2. Nf3 e6 3. d4 cxd4 4. Nxd4 Bc5 5. Nb3 Bb6 6. Nc3 Ne7 7. Bd3 O-O
8. O-O Nbc6 9. Qe2 f5 10. exf5 Nxf5 11. Bxf5 Rxf5 12. Be3 Bc7 13. f4 a6 14.
Rad1 d5 15. g3 b6 16. Nd4 Nxd4 17. Bxd4 Bd7 18. Rde1 Qf8 19. a3 h6 20. Rf2
b5 21. Nd1 b4 22. Ne3 Rf7 23. axb4 Qxb4 24. c3 Qb5 25. Ng4 Qxe2 26. Rfxe2
a5 1/2-1/2

[Event "ISL-ch"]
[Site "Reykjavik"]
[Date "1999.08.31"]
[Round "11"]
[White "Stefansson, Hannes"]
[Black "Thorfinnsson, Bjorn"]
[Result "1-0"]
[WhiteElo "2584"]
[BlackElo "2195"]

1. d4 e6 2. e4 c5 3. Nf3 cxd4 4. Nxd4 Bc5 5. Nb3 Bb6 6. c4 Nf6 7. Nc3 Nc6
8. Bf4 e5 9. Bg5 h6 10. Bxf6 Qxf6 11. c5 Bd8 12. Bc4 O-O 13. O-O Qg6 14.
Qd3 b6 15. cxb6 Bxb6 16. Nd5 Kh8 17. Nxb6 axb6 18. Rfd1 Rd8 19. a3 Bb7 20.
f3 Ne7 21. Qd6 Qxd6 22. Rxd6 Nc8 23. Rd2 Kg8 24. Rad1 d6 25. Rc2 Ne7 26.
Nc1 Rac8 27. Nd3 Kf8 28. Rdc1 f5 29. Nf2 Rc6 30. Be6 Rxc2 31. Rxc2 fxe4 32.
fxe4 d5 33. Ng4 dxe4 34. Nxe5 Rd1+ 35. Kf2 Bd5 36. Nd7+ Ke8 37. Bg4 Rh1 38.
Nxb6 Rxh2 39. Kg3 Rh1 40. Nxd5 Nxd5 41. Re2 Nf6 42. Bf5 Rd1 43. Bxe4 Kd7
44. Bc2 Rd4 45. Kf3 g5 46. Bf5+ Kc6 47. Re6+ Rd6 48. Re5 h5 49. b4 h4 50.
a4 g4+ 51. Kf4 h3 52. gxh3 gxh3 53. Rc5+ Kb7 54. Ke5 h2 55. Rc1 Ne8 56.
Be4+ Kb6 57. Rc8 Nf6 58. Ba8 Rd5+ 59. Bxd5 Nxd5 60. Rb8+ Kc6 61. Rh8 Nxb4
62. Kd4 Kb6 63. Kc4 1-0

[Event "Seefeld op 10th"]
[Site "Seefeld"]
[Date "1999.09.11"]
[Round "6"]
[White "Thielen, Dankward"]
[Black "Dittmar, Peter"]
[Result "1/2-1/2"]
[WhiteElo "2124"]
[BlackElo "2363"]

1. e4 e6 2. d4 c5 3. Nf3 cxd4 4. Nxd4 Bc5 5. Nc3 Qb6 6. Na4 Qa5+ 7. c3 Bxd4
8. Qxd4 Nf6 9. Nc5 b6 10. Nb3 Qh5 11. f3 O-O 12. Bf4 Nc6 13. Qd2 e5 14. Bg5
Ne8 15. Bc4 Nc7 16. h4 h6 17. g4 Qg6 18. Be3 b5 1/2-1/2

[Event "Asia-chT"]
[Site "Shenyang"]
[Date "1999.10.10"]
[Round "2"]
[White "Ng Tze Han"]
[Black "Nazarov, Anvar"]
[Result "1/2-1/2"]
[WhiteElo "2200"]
[BlackElo "2493"]

1. e4 c5 2. Nf3 e6 3. d4 cxd4 4. Nxd4 Bc5 5. Nb3 Bb6 6. c4 Ne7 7. Bd3 O-O
8. O-O Nbc6 9. Nc3 f5 10. exf5 Nxf5 11. Ne4 d5 12. cxd5 exd5 13. Ng5 h6 14.
Nf3 Nh4 15. Nbd2 Bg4 16. Be2 Ng6 17. h3 Bf5 18. Nb3 Be4 19. Be3 Bxf3 20.
Bxf3 d4 21. Bd2 Nge5 22. Be4 Qd6 23. Qh5 Rf6 24. Rae1 Nf7 25. f4 Bc7 26.
Qc5 Rd8 27. Qxd6 Bxd6 28. a3 Bf8 29. Nc1 Nd6 30. Bd5+ Kh8 31. g4 Nc8 32.
Be4 Nb6 33. Nd3 Bd6 34. Kg2 Nc4 35. Bc1 N6a5 36. Bd5 b5 37. Be4 Nb3 38. Rf2
Re8 39. Kf3 Nc5 40. Nxc5 Bxc5 41. Rfe2 a6 42. Bd3 Ne3 43. Bxe3 dxe3 44. Rc2
Bd4 45. Ree2 Rd6 46. Be4 1/2-1/2

[Event "Lazarevac 28th"]
[Site "Lazarevac"]
[Date "1999.10.31"]
[Round "11"]
[White "Colovic, Aleksandar"]
[Black "Ivanisevic, Ivan"]
[Result "1/2-1/2"]
[WhiteElo "2423"]
[BlackElo "2447"]

1. e4 c5 2. Nf3 e6 3. d4 cxd4 4. Nxd4 Bc5 5. Nb3 Bb6 6. Bd3 Ne7 7. O-O O-O
8. c4 d5 9. exd5 exd5 10. c5 Bc7 11. Nc3 Nbc6 12. Bg5 f6 13. Bh4 a5 14. Bc2
a4 15. Nd4 a3 16. Ncb5 axb2 17. Rb1 Be5 18. f4 Bxd4+ 19. Nxd4 Rxa2 20. Bb3
Ra1 21. Rxa1 bxa1=Q 22. Qxa1 Nf5 23. Nxf5 Bxf5 24. Qa2 Be4 25. Bg3 Nd4 26.
Rd1 Nxb3 27. Qxb3 Qc8 28. Rc1 h5 29. Qe3 Re8 30. Qf2 Qf5 31. Re1 Ra8 32. h3
Ra4 33. Qe3 Qg6 34. Re2 Ra1+ 35. Kh2 Rd1 36. Rd2 Rf1 37. Rf2 Rb1 38. Re2
Kh7 39. Ra2 Qf5 40. Re2 Qc8 41. Bf2 Qc6 42. Qg3 Qa6 43. Re1 Rxe1 44. Bxe1
d4 45. Bf2 d3 46. Qe3 Qc4 47. Be1 Bc6 48. Bd2 Qd5 49. Qf2 Kg6 50. h4 Qe4
51. Be3 Kf7 52. Qa2+ Bd5 53. Qd2 Ke6 54. Qf2 Kd7 55. Qd2 Qg6 56. Qf2 Ke6
57. Qg3 Qe4 58. Qf2 Kd7 59. Qd2 Kc6 60. Kg1 Kb5 61. Kf1 Kc6 62. Kg1 Bc4 63.
Kf2 Bd5 64. Kg1 1/2-1/2

[Event "HUN-chT2 9900"]
[Site "Hungary"]
[Date "1999.11.??"]
[Round "11"]
[White "Papista, Akos"]
[Black "Lengyel, Laszlo"]
[Result "1/2-1/2"]
[WhiteElo "2150"]
[BlackElo "2200"]

1. e4 c5 2. Nf3 e6 3. d4 cxd4 4. Nxd4 Bc5 5. Nb3 Bb6 6. Nc3 Ne7 7. Bf4 d5
8. exd5 exd5 9. Bd3 Nbc6 10. Qh5 a6 11. O-O Nb4 12. Rfe1 Nxd3 13. cxd3 O-O
14. Bg5 f6 15. Be3 Bxe3 16. fxe3 Be6 17. Nd4 Bf7 18. Qd1 b5 19. Nce2 Re8
20. Qd2 Qb6 21. Rac1 Rac8 22. Qb4 Ng6 23. Rxc8 Rxc8 24. Rc1 Rxc1+ 25. Nxc1
Ne5 26. Qc3 h5 27. h3 1/2-1/2

[Event "Groningen op"]
[Site "Groningen"]
[Date "1999.12.19"]
[Round "1"]
[White "Tiviakov, Sergei"]
[Black "Van Beek, Alexander"]
[Result "1-0"]
[WhiteElo "2611"]
[BlackElo "2294"]

1. e4 c5 2. Nf3 e6 3. d4 cxd4 4. Nxd4 Bc5 5. Nb3 Bb6 6. Nc3 Ne7 7. Bf4 O-O
8. Bd6 f5 9. Qd2 Nbc6 10. Be2 Bc7 11. O-O Bxd6 12. Qxd6 fxe4 13. Nxe4 Nf5
14. Qd2 d5 15. Ng3 e5 16. Rad1 Nfd4 17. Nxd4 Nxd4 18. c3 Nxe2+ 19. Qxe2 Qd6
20. Rfe1 Re8 21. Qe4 Qb6 22. Rxd5 Qxb2 23. Rxe5 Rf8 24. Qc4+ Kh8 25. Qf7
1-0

[Event "Srbia-chT"]
[Site "Jahorina"]
[Date "2000.??.??"]
[Round "?"]
[White "Zezulkin, Jurij"]
[Black "Nestorovic, Dejan"]
[Result "1-0"]
[WhiteElo "2510"]
[BlackElo "2386"]

1. e4 c5 2. Nf3 e6 3. d4 cxd4 4. Nxd4 Bc5 5. Be3 Qb6 6. Nc3 Nc6 7. Ncb5
Nxd4 8. Bxd4 Bxd4 9. Qxd4 Qxd4 10. Nxd4 Ke7 11. Rd1 Nf6 12. e5 Ng4 13. f4
f6 14. h3 Nh6 15. exf6+ gxf6 16. g4 b6 17. Bc4 Bb7 18. O-O Rac8 19. Bb3 Nf7
20. Rfe1 Rhd8 21. Kf2 h5 22. Nxe6 dxe6 23. Rxe6+ Kf8 24. Rxf6 Rxd1 25.
Rxf7+ Ke8 26. Rxb7 hxg4 27. hxg4 Rcd8 28. g5 R8d4 29. Ke3 Rd6 30. g6 1-0

[Event "HUN-chT2"]
[Site "?"]
[Date "2000.??.??"]
[Round "?"]
[White "Takacs, Lajos"]
[Black "Lengyel, Laszlo"]
[Result "1-0"]
[WhiteElo "2260"]
[BlackElo "2200"]

1. e4 e6 2. d4 c5 3. Nf3 cxd4 4. Nxd4 Bc5 5. Nb3 Bb6 6. c4 Nc6 7. Nc3 Nge7
8. c5 Bc7 9. Nb5 O-O 10. f4 b6 11. Nxc7 Qxc7 12. Qd6 Qd8 13. Be3 f5 14. Bd3
Bb7 15. Bb1 fxe4 16. Bxe4 Nf5 17. Bxf5 Rxf5 18. Rd1 Rf7 19. O-O Rc8 20.
cxb6 axb6 21. Rc1 Ra8 22. a3 Ra4 23. Rfd1 Qf6 24. Rc3 Qg6 25. Rd2 h6 26.
Qd3 Qxd3 27. Rdxd3 d5 28. g3 Ra6 29. Nd4 Nxd4 30. Bxd4 b5 31. Be5 Rc6 32.
Rxc6 Bxc6 33. Rc3 Bd7 34. Bd6 g5 35. Kf2 Kg7 36. Ke3 Kg6 37. Rc7 Kf5 38.
Kd4 gxf4 39. Bxf4 h5 40. h4 Rh7 41. b3 Re7 42. Be5 Rf7 43. Bd6 Rg7 44. Bf4
Re7 45. Be5 Rf7 46. a4 bxa4 47. bxa4 Kg6 48. a5 Bb5 49. Rc5 Bc4 50. Rc6 Kf5
51. Rc8 Ra7 52. Rg8 1-0

[Event "IECG"]
[Site "IECG email"]
[Date "2000.??.??"]
[Round "?"]
[White "Simmelink, Joop Theo"]
[Black "Koch, Christian"]
[Result "1-0"]
[WhiteElo "2319"]
[BlackElo "2324"]

1. e4 c5 2. Nf3 e6 3. d4 cxd4 4. Nxd4 Bc5 5. Nb3 Bb6 6. c4 Ne7 7. Nc3 O-O
8. Bf4 Bc7 9. Bd6 f5 10. c5 b6 11. Nb5 Na6 12. Nxc7 Nxc7 13. exf5 Rxf5 14.
Bd3 Rf7 15. cxb6 Ne8 16. Be4 Nd5 17. Bg3 Nef6 18. Bf3 Qxb6 19. O-O d6 20.
Re1 Bd7 21. Rc1 Kh8 22. Nd2 Qxb2 23. Bxd6 Qd4 24. Be5 Qb6 25. Rb1 Qa6 26.
Ne4 Ba4 27. Qd2 Nxe4 28. Bxe4 Kg8 29. Re3 Qc4 30. Bd3 Nxe3 31. Bxc4 Nxc4
32. Qe2 Nxe5 33. Qxe5 Re8 34. Rb8 Re7 35. Rxe8+ Bxe8 36. f4 Kf8 37. Kf2 Bc6
38. g4 Bd5 39. a4 Rd7 40. Ke3 h6 41. h4 Kf7 42. a5 Rb7 43. a6 Rd7 44. h5
Bc4 45. g5 Bd5 46. g6+ Kf8 47. Kf2 Ke8 1-0

[Event "Milanowek"]
[Site "Milanowek"]
[Date "2000.??.??"]
[Round "1"]
[White "Rudolf, Michal"]
[Black "Ponceleusz, Bronislaw"]
[Result "1-0"]
[WhiteElo "2291"]
[BlackElo "2199"]

1. e4 c5 2. Nf3 e6 3. d4 cxd4 4. Nxd4 Bc5 5. Nb3 Bb6 6. Bd3 Nc6 7. Nc3 Nge7
8. O-O O-O 9. Qe2 Ne5 10. Be3 Nxd3 11. Qxd3 Bxe3 12. Qxe3 f5 13. e5 f4 14.
Qe4 d5 15. exd6 Qxd6 16. Rad1 Qc6 17. Rfe1 Qxe4 18. Rxe4 Ng6 19. Nc5 e5 20.
Nd7 Bxd7 21. Rxd7 Rf7 22. Rd6 Rc7 23. Kf1 Rac8 24. Ke2 Kf7 25. g3 Rc6 26.
Rd7+ Ke6 27. Rxb7 R8c7 28. Rxc7 Rxc7 29. Ra4 Kf5 30. f3 h5 31. Ra6 Rb7 32.
g4+ hxg4 33. fxg4+ Kg5 34. Ne4+ Kxg4 35. Rxg6+ Kf5 36. Nd6+ Kxg6 37. Nxb7
1-0

[Event "Bratto op 20th"]
[Site "Bratto"]
[Date "2000.??.??"]
[Round "8"]
[White "Ricci, Alfredo"]
[Black "Ventura, Boris"]
[Result "0-1"]
[WhiteElo "2093"]
[BlackElo "2162"]

1. e4 c5 2. Nf3 e6 3. d4 cxd4 4. Nxd4 Bc5 5. Nb3 Bb6 6. Nc3 Ne7 7. Bf4 d5
8. Qh5 O-O 9. O-O-O Nbc6 10. exd5 exd5 11. Nxd5 Nxd5 12. Rxd5 Qf6 13. Bg3
Nb4 14. Rd6 Qf5 15. Qxf5 Bxf5 16. Bd3 Bxd3 17. cxd3 Nxa2+ 18. Kb1 Nb4 19.
d4 Rfe8 20. Rd7 Re2 21. Rd1 h5 22. Nc1 Re4 23. f3 Ree8 24. Be1 Nc6 25. d5
Ne5 26. Rxb7 Nc4 27. Bc3 Rad8 28. Nb3 Nd6 29. Rxb6 axb6 30. Nd4 Rd7 31. h4
Nc4 32. Nc2 Red8 33. Rd4 b5 34. b3 Nd6 35. g4 hxg4 36. Rxg4 Nf5 37. Nb4 Re8
38. Kb2 Re2+ 39. Kc1 Re3 40. Kd2 Rxf3 41. Rg5 g6 42. h5 Ng3 43. Re5 f6 44.
Re6 gxh5 45. Rxf6 Ne4+ 0-1

[Event "Paris Apsap Paques op 35th"]
[Site "Paris"]
[Date "2000.??.??"]
[Round "?"]
[White "Mendeiros, Jerome"]
[Black "Van de Berkmortel, Theo"]
[Result "1-0"]
[WhiteElo "2161"]
[BlackElo "2269"]

1. e4 e6 2. d4 c5 3. Nf3 cxd4 4. Nxd4 Bc5 5. Nb3 Bb6 6. Be2 Ne7 7. Nc3 O-O
8. Bg5 f6 9. Bh4 Nbc6 10. Qd2 a5 11. Bb5 Qe8 12. O-O-O f5 13. f3 Qh5 14.
Bg3 Bd8 15. Kb1 fxe4 16. fxe4 a4 17. Bxa4 Na5 18. Rhf1 Rxf1 19. Rxf1 Nec6
20. Bd6 Bf6 21. Nxa5 Nxa5 22. Qd4 b5 23. Bxb5 Ba6 24. Qc5 Qxc5 25. Bxc5
Bxb5 26. Nxb5 Nc4 27. Rf2 Ra5 28. a4 Rxa4 29. Nc3 Ra8 30. Nd1 Ra5 31. Bb4
Rb5 32. c3 Re5 33. b3 Nb6 34. Rf4 d5 35. Nf2 dxe4 36. Rxe4 Nd5 37. Kc2 Ne3+
38. Kd3 Nxg2 39. Rxe5 Bxe5 40. Ng4 Bc7 41. Ke4 h5 42. Ne5 g5 43. c4 g4 44.
Bd2 Kf8 45. b4 Ke7 46. c5 Kd8 47. b5 Bxe5 48. Kxe5 h4 49. c6 g3 50. h3 Kc7
51. Ke4 e5 52. Kxe5 Kb6 53. Ke4 1-0

[Event "Mogliano Veneto op"]
[Site "Mogliano Veneto"]
[Date "2000.??.??"]
[Round "1"]
[White "Klundt, Klaus"]
[Black "Ventura, Boris"]
[Result "1-0"]
[WhiteElo "2398"]
[BlackElo "2131"]

1. e4 c5 2. Nf3 e6 3. d4 cxd4 4. Nxd4 Bc5 5. Nb3 Bb6 6. Bd3 Nc6 7. O-O Nge7
8. Nc3 O-O 9. Bg5 h6 10. Bh4 a6 11. Kh1 Qe8 12. Bg3 f5 13. Bd6 f4 14. Nd2
Ba7 15. a4 Bb8 16. Nc4 f3 17. gxf3 Qh5 18. Be2 Rf4 19. Rg1 Ng6 20. Rg3 Rh4
21. Qg1 Bxd6 22. Nxd6 Nce7 23. f4 Qc5 24. Rd1 Rxf4 25. Rxg6 Nxg6 26. Qxg6
Rxf2 27. Rg1 Qe5 28. Qg3 Qxg3 29. Rxg3 b5 30. Kg1 Rf8 31. axb5 axb5 32.
Nxc8 Rfxc8 33. Nxb5 Rxc2 34. Bd3 Rcc8 35. Nd4 Ra7 36. b3 g5 37. Kf2 Rac7
38. h4 1-0